[Event "Chigorin Memorial 26th"]
[Site "St Petersburg"]
[Date "2018.11.03"]
[Round "8"]
[White "Chugunov, Vadim"]
[Black "Shemakhanov, Danila"]
[Result "1-0"]
[WhiteElo "1790"]
[BlackElo "1559"]
[PlyCount "81"]
[EventDate "2018.10.27"]
[EventType "swiss"]
[EventRounds "9"]
[EventCountry "RUS"]
[SourceTitle "CBM 187 Extra"]
[Source "ChessBase"]
[SourceDate "2018.11.04"]
[SourceVersion "1"]
[SourceVersionDate "2018.11.04"]
[SourceQuality "1"]

1. e4 e6 2. d4 d5 3. Bd3 Nf6 4. e5 Nfd7 5. c3 c5 6. Ne2 Nc6 7. 0-0 cxd4 8. cxd4 f6 9. exf6 Nxf6 10. Bf4 Bd6 11. Bxd6 Qxd6 12. Nd2 0-0 13. Nf3 Bd7 14. Rc1 Ng4 15. Ng3 e5 16. dxe5 Ngxe5 17. Be4 Ne7 18. Re1 N5c6 19. Qb3 Kh8 20. Rcd1 Be6 21. Bxh7 Kxh7 22. Ng5+ Kg8 23. Nxe6 Rf6 24. Ng5 Qc5 25. N5e4 Qb6 26. Nxf6+ gxf6 27. Nf5 Qxb3 28. Nxe7+ Kf7 29. axb3 Nxe7 30. Rd3 Rc8 31. Red1 Rc2 32. R3d2 Rc6 33. h4 Rb6 34. Rd3 f5 35. Rc1 Rb5 36. h5 Nc6 37. Rcd1 d4 38. Kh2 Kg7 39. Kg3 Kh6 40. Kf4 Kxh5 41. Rg3 1-0

[Event "Chigorin Memorial 25th"]
[Site "St Petersburg"]
[Date "2017.10.26"]
[Round "6"]
[White "Shemakhanov, Danila"]
[Black "Efremov, Vladislav"]
[Result "0-1"]
[WhiteElo "1542"]
[BlackElo "1953"]
[PlyCount "112"]
[EventDate "2017.10.21"]
[EventType "swiss"]
[EventRounds "9"]
[EventCountry "RUS"]
[SourceTitle "CBM 181 Extra"]
[Source "ChessBase"]
[SourceDate "2017.12.12"]
[SourceVersion "1"]
[SourceVersionDate "2017.12.12"]
[SourceQuality "1"]

1. d4 d5 2. c4 e6 3. Nc3 c6 4. e4 dxe4 5. Nxe4 Bb4+ 6. Bd2 Qxd4 7. Bxb4 Qxe4+ 8. Ne2 Na6 9. Bc3 f6 10. f3 Qxc4 11. Nd4 Qd5 12. Bxa6 bxa6 13. Qa4 Ne7 14. 0-0-0 0-0 15. Rhe1 Qg5+ 16. Kb1 c5 17. Nxe6 Qf5+ 18. Ka1 Bxe6 19. Rd6 Nd5 20. Rdxe6 Nxc3 21. bxc3 Qd3 22. R6e3 Qb5 23. Qc2 Rfe8 24. Qb3+ Qxb3 25. Rxe8+ Rxe8 26. Rxe8+ Kf7 27. axb3 Kxe8 28. Ka2 c4 29. b4 Kd7 30. Ka3 Kc6 31. Ka4 Kb6 32. f4 f5 33. h3 h6 34. g4 g6 35. gxf5 gxf5 36. h4 h5 37. Ka3 Kb5 38. Kb2 a5 39. bxa5 Kxa5 40. Ka3 Kb5 41. Kb2 a6 42. Ka3 a5 43. Kb2 Kc5 44. Ka3 Kd5 45. Ka4 Ke4 46. Kb5 Kd3 47. Kc5 Kxc3 48. Kd6 a4 49. Ke5 a3 50. Kf6 a2 51. Kg7 a1Q 52. Kh6 Kd3 53. Kg6 c3 54. Kh6 c2 55. Kg6 c1Q 56. Kh7 Qc7+ 0-1